Statistics for Wales World Cup 2022 Squad

Click here to take the quiz!

General Stats

  • This quiz has been taken 5 times
  • The average score is 15 of 26

Answer Stats

PositionClubPlayer% Correct
GKSheffield UnitedAdam Davies
100%
DFTottenham HotspurBen Davies
100%
DFSpeziaEthan Ampadu
100%
FWLAFCGareth Bale
100%
MFSwindon TownJonny Williams
100%
DFNottingham ForestNeco Williams
100%
GKNottingham ForestWayne Hennessey
100%
MFOGC NiceAaron Ramsey
80%
FWFulhamDaniel James
80%
GKLeicester CityDanny Ward
80%
MFFulhamHarry Wilson
80%
FWNottingham ForestBrennan Johnson
60%
DFBournemouthChris Mepham
60%
DFBurnleyConnor Roberts
60%
DFStade RennesJoe Rodon
60%
FWBournemouthKieffer Moore
60%
DFLuton TownTom Lockyer
40%
DFSwansea CityBen Cabango
20%
DFAFC WimbledonChris Gunter
20%
MFDundee UnitedDylan Levitt
20%
MFSwansea CityJoe Allen
20%
MFPortsmouthJoe Morrell
20%
FWCardiff CityMark Harris
20%
MFMK DonsMatthew Smith
20%
MFHuddersfield TownSorba Thomas
20%
MFCardiff CityRubin Colwill
0%

Score Distribution

Percentile by Number Answered

Percent of People with Each Score

Your Score History

You have not taken this quiz